书目信息 |
| 题名: |
票据法学
|
|
| 作者: | 刘定华 主编 | |
| 分册: | ||
| 出版信息: | 北京 中国财政经济出版社 2002.09 |
|
| 页数: | 288页 | |
| 开本: | 20cm | |
| 丛书名: | 财经法学系列教材 | |
| 单 册: | ||
| 中图分类: | D922.287.1 | |
| 科图分类: | ||
| 主题词: | 票据法--法的理论--中国 | |
| 电子资源: | ||
| ISBN: | 7-5005-5998-4 | |
| 000 | 00786nam 22002537 450 | |
| 001 | 192004001648 | |
| 005 | 20070906104302.35 | |
| 010 | @a7-5005-5998-4@dCNY17.00 | |
| 100 | @a20070531d2002 ekmy0chiy0121 ea | |
| 101 | 0 | @achi |
| 102 | @aCN@b110000 | |
| 105 | @ay a 000yy | |
| 200 | 1 | @a票据法学@Apiao ju fa xue@f刘定华主编 |
| 210 | @a北京@c中国财政经济出版社@d2002.09 | |
| 215 | @a288页@d20cm | |
| 225 | 2 | @a财经法学系列教材@Acai jing fa xue xi lie jiao cai |
| 320 | @a有书目 (第288页) | |
| 330 | @a本书是一本中国票据法理论书籍,本书旨在对票据法的学习与研究起到积极的作用。 | |
| 410 | 0 | @12001 @a财经法学系列教材 |
| 606 | 0 | @a票据法@x法的理论@y中国 |
| 690 | @aD922.287.1@v4 | |
| 701 | 0 | @a刘定华@Aliu ding hua@4主编 |
| 801 | 0 | @aCN@c20070906 |
| 905 | @dD922.287.1@eL602 | |
| 票据法学/刘定华主编.-北京:中国财政经济出版社,2002.09 |
| 288页;20cm.-(财经法学系列教材) |
| ISBN 7-5005-5998-4:CNY17.00 |
| 本书是一本中国票据法理论书籍,本书旨在对票据法的学习与研究起到积极的作用。 |
| ● |
| 相关链接 |
|
|
|
正题名:票据法学
索取号:D922.287.1/L602
 
预约/预借
| 序号 | 登录号 | 条形码 | 馆藏地/架位号 | 状态 | 备注 |
| 1 | 625051 | 206250518 | 社科库509/509社科库 87排2列2层/ [索取号:D922.287.1/L602] | 在馆 | |
| 2 | 625052 | 206250527 | 社科库509/509社科库 87排2列2层/ [索取号:D922.287.1/L602] | 在馆 |